| 000 | 00369nam a22001457a 4500 | ||
|---|---|---|---|
| 020 | _a9789385528583 | ||
| 082 |
_a801 _bVAL/A |
||
| 100 |
_aRahaman Valiur _947389 |
||
| 245 |
_aActs of literary theory/ _cby Rahaman Valiur |
||
| 260 |
_aJaipur: _bYking Books, _c2017. |
||
| 300 | _a189p. | ||
| 650 |
_aLiterary Theory _947390 |
||
| 650 |
_aLiterature _947391 |
||
| 942 | _cBK | ||
| 999 |
_c71802 _d71802 |
||